| 000 | 00409nam a2200145 a 4500 | ||
|---|---|---|---|
| 001 | 802 | ||
| 003 | CDMR | ||
| 005 | 20130116135158.0 | ||
| 008 | 130130s2002||||||||||||||||||||||||||||d | ||
| 040 |
_aCDMR _bcat _cCPC GIRONA |
||
| 100 | 1 |
_aBrown, Lester Russell _9629 |
|
| 245 | 1 | 0 |
_aEcoeconomia _bLa construcció d'una economia per a la terra _cBrown, Lester R. |
| 260 |
_c2002 _bCentre UNESCO de Catalunya |
||
| 942 | _cMON | ||
| 999 |
_c802 _d802 |
||